000 00459nam a22001697a 4500
003 OSt
008 240402b |||||||| |||| 00| 0 eng d
020 _a9789358707878
082 _a370.78 SHT
100 _aSHARMA, Priyanka
245 _aTeaching & Research Aptitude Paper 1, NTA UGC NET /SET/JRF 2023-24
250 _aIst. ed.
260 _aNew Delhi,
_bS. Chand & Company Pvt. Ltd.,
_c2024
300 _a668 p.
650 _aCommerce
942 _2ddc
_cREF
999 _c12377
_d12377